Представление документа в формате MARC21

ПолеНазваниеЗначение
  Тип записи a
  Библиографический уровень m
001 Контрольный номер RU\infra-m\znanium\bibl\2171157
005 Дата корректировки 20260429142125.1
008 Кодируемые данные 240904s2024 RU g rus u
020 Индекс ISBN __
a ISBN 978-5-9729-1777-8
040 Источник каталогиз. __
a Служба первич. каталог. Общество с ограниченной ответственностью «ЗНАНИУМ»
041 Код языка издания __
a Код языка текста rus
044 Код страны публикации __
a Код страны публикации RU
080 Индекс УДК __
a Индекс УДК 331
084 Индекс другой классификации/Индекс ББК __
2 Источник индекса rubbk
a Индекс другой классификации/Индекс ББК 6524
084 Индекс другой классификации/Индекс ББК __
2 Источник индекса okso
a Индекс другой классификации/Индекс ББК 00.03.01
084 Индекс другой классификации/Индекс ББК __
2 Источник индекса okso
a Индекс другой классификации/Индекс ББК 20.03.01
100 Автор __
a Автор Чернов К.В.
q Полное имя Чернов Константин Васильевич
245 Заглавие __
a Заглавие Техногенная безопасность в энергетике
b Продолж. заглавия Учебное пособие
260 Выходные данные __
a Место издания Вологда
b Издательство Инфра-Инженерия
c Дата издания 2024
300 Физическое описание __
a Объем 140 с.
520 Аннотация __
a Аннотация Представлены методология безопасности содержащая системнологический и синологический методы исследования; общая теория безопасности теория техногенной безопасности и прикладная техногенная безопасность. Описаны техногенные воздействия возникающие при использовании мазута технетических масел природного газа электролитического водорода оборудования под давлением подъёмных сооружений при трансформации электрической энергии. Приведены требования техногенной безопасности при эксплуатации трансформаторного оборудования требования промышленной безопасности при эксплуатации масляного газового мазутного хозяйства ТЭС. Для студентов технических вузов обучающихся по направлению «Техносферная безопасность и природообустройство» и студентов других направлений углублённо изучающих дисциплину «Безопасность жизнедеятельности».
521 Примеч. о цел. назн. __
a Примеч. о целев. назн. ВО - Бакалавриат
650 Тематические рубрики __
a Основная рубрика Промышленность. Энергетика
x Основная подрубрика Безопасность труда в промышленности
655 Указ. предметных рубрик (устаревшее) __
a Жанр/ форма (устаревшее) Учебное пособие
856 Электронный адрес документа 4_
a Имя сервера/домена znanium.ru
m Помощь ebs_support@infra-m.ru
n Местонахождение сервера НИЦ ИНФРА-М
u URL https://znanium.ru/catalog/document?id=452614
856 Электронный адрес документа 48
a Имя сервера/домена znanium.ru
d Путь /cover/2171
f Электронное имя 2171157.jpg
q Тип электронного формата image/jpeg
u URL https://znanium.ru/cover/2171/2171157.jpg
911 __
u 0030=https://znanium.ru/catalog/document?id=452614